1151 1242 1721 1443 1027 1982 1558 1736 1539 1830 1141 1986 1349 1810 1314 1241 1673 1559 1285 1107 1714 1431 1851 1794 1799 1921 1014 1200 1648 1031 1801 1427 1756 1868 1988 1354 1063 1973 1952 1303 1390 1690 1129 1768 1900 1739 1072 1173 1151 1870 1015 1840 1009 1993 1579 1710 1519 1374 1290 1425 1942 1890 1329 1843 1103 1619 1936 1197 1271 1906 1485 1819 1015 1652 1334 1495 1240 1290 1446 1050 1845 1668 1128 1726 1055 1249 1246 1544 1261 1567 1273 1872 1445 1084 1295 1440 1804 1922 1974 BCNSPRNW ULIB Ver.6.0+V

เปลี่ยนเป็นภาษาไทย

Change to English
 แสดงรายละเอียดบรรณานุกรม
  กลับหน้าหลัก

Brief Record : Get Marc (ISO 2709) : E-mail record : QR code < ปิดหน้าต่าง
LEADER : 00000nam 2200000uu 4500
001    13399113092
003     ULIB
008    110926s2550||||th 000 0 tha d
020    9746456407 (ล.2)
050 04 PL4157^bม246ภ 2550
110 1  มหาวิทยาลัยสุโขทัยธรรมาธิราช
245 10 ประมวลสาระชุดวิชา ภาษาไทยเพื่อการสื่อสาร/^cมหาวิทยาลัยสุโขทัยธรรมาธิราช
246 30 ภาษาไทยเพื่อการสื่อสาร
250    พิมพ์ครั้งที่ 8
260    นนทบุรี :^bมหาวิทยาลัยสุโขทัยธรรมาธิราช,^c2550
300    2 เล่ม ;^c30 ซม
500    ล.1 : หน่วยที่ 1-7 -- ล.2 : หน่วยที่ 8-15
505 2  ล.1 : การสื่อสารด้วยภาษา -- ความคิดกับภาษา --หลักการใช้คำเพื่อการสื่อสาร -- การรับสารอย่างมีวิจารณญาณ -- ปัญหาการใช้ภาษา -- การพัฒนาทักษะภาษา -- ล.2 : การอธิบายและการชี้แจง -- การแสดงความคิดเห็น -- การเจรจาต่อรอง --การปลอบใจ -- การโน้มน้าวใจ -- การวางแผนและการนำเสนอ -- การรายงาน -- หนังสือโต้ตอบ
650  7 การสื่อสาร
650  7 การสื่อสารทางภาษา
650  7 การเขียน
700 0  ศักดา ปั้นเหน่งเพ็ชร์
710 2  มหาวิทยาลัยสุโขทัยธรรมาธิราช สาขาศิลปศาสตร์
945    ^p0^l0^i022940
945    ^p0^l0^i022941
945    ^p0^l0^i022942
995    ทศพร
999 ^a ทศพร
รายการนี้ยังไม่มีแท็ก
คุณยังไม่ได้ล็อกอิน คุณสามารถมีกิจกรรมร่วมกับเว็บไซต์ได้ แต่ต้องล็อกอินก่อน ::
  ล็อกอิน

รายการสื่อสารสนเทศ

ลำดับที่ ประเภท เลขเรียก/บาร์โค้ด สถานที่ สถานะ
- ไม่พบข้อมูล -

รายการใกล้เคียง
    หัวเรื่อง [การสื่อสาร]
    หัวเรื่อง [การสื่อสารทางภาษา]
    หัวเรื่อง [การเขียน]

BibComment


ยังไม่เคยถูกคอมเมนท์

คอมเมนท์ทรัพยากรรายการนี้
  คอมเมนท์: ประมวลสาระชุดวิชา..


 Copyright 2026. Bcnsprnw @Library